Online Catalogue and eLibrary

Tharkkala Tamil ilakkiyam (Record no. 3822)

MARC details
000 -LEADER
fixed length control field 00451nam a2200181Ia 4500
005 - DATE AND TIME OF LATEST TRANSACTION
control field 20250313124525.0
008 - FIXED-LENGTH DATA ELEMENTS--GENERAL INFORMATION
fixed length control field 240331s9999 xx 000 0 und d
082 ## - DDC Classification
Item Number - Author Mark DHA
Class No. 894
100 ## - MAIN ENTRY--PERSONAL NAME
Personal name Dhandayutham, R
245 #0 - TITLE STATEMENT
Title Tharkkala Tamil ilakkiyam
250 ## - EDITION STATEMENT
Edition statement 3rd
260 ## - PUBLICATION, DISTRIBUTION, ETC.
Place of publication, distribution, etc. Triplicane
Name of publisher, distributor, etc. Tamil Puthakalayam
Date of publication, distribution, etc. 1983
300 ## - PHYSICAL DESCRIPTION
Extent (e.g. Volumes, Pages etc.) 240 p .,
650 ## - SUBJECT ADDED ENTRY--TOPICAL TERM
Topical term or geographic name entry element Tamil Ilakiiya Varlaru
650 ## - SUBJECT ADDED ENTRY--TOPICAL TERM
Topical term or geographic name entry element Tamil Urai Nadai
650 ## - SUBJECT ADDED ENTRY--TOPICAL TERM
Topical term or geographic name entry element Tamil Novels
942 ## - Koha item type (Biblio)
Koha item type Books in Stacks (Lending)
Holdings
Lost status Damaged status Collection code Home library Current library Shelving location Date acquired Full call number Accession Number Item type
    Lending WERC Library WERC Library Social Science Cupboard 03/31/2024 894.811 DHA 1519 Books in Stacks (Lending)

© WERC Library